000 01374cam a22003374i 4500
003 PE-LiUPU
005 20250731184049.0
008 150617s r 000 0 d
035 _a(Sirsi) a14859
040 _aPE-LiUPU
_bspa
_cPE-LiUPU
_erda
049 _aPRUA
082 0 4 _a869.56
_bC198c
_223
100 _aCampos Fernandéz, Antonio,
_eautor.
_95503
245 1 0 _aCajamarca la bella :
_breminiscencias y cuentos /
_cAntonio Campos Fernandéz.
264 1 _aLima :
_bCONCYTEC,
_c1990.
300 _a154 páginas ;
_c21 cm
336 _atext
_2rdacontent
337 _aunmediated
_2rdamedia
338 _avolume
_2rdacarrier
505 0 _aPalabras del autor.-El profesor. -Vecinos de mi barrio. -Memorias de mi viaje. -Lugares, personas y personjes. -El templo de San Pedro. -Llueve en cajamarca. -Tío Agustín. -El charaspa. -La Tatalacha. -Moncardo. -Eulogio. -La noche del nacimiento. -La hierba de buen querer. -Serenata. -El convite. -El quinto día. -Vianda improvisada. -El pájaro diostede.-Una noche para recordar.
526 _aP145
526 _aP127
526 _aP97
526 _aP14
526 _aP07
650 1 8 _aCuentos de costumbres
_zPerú
_zCajamarca.
_95504
710 _aConsejo Nacional de Ciencia y Tecnología (Perú)
_93359
942 _2ddc
_cBK
999 _c5382
_d5382
980 _81
_gALBERTO SANCHEZ Responsable de Automatización